00265nam a22000857a 4500008004100000082002200041245007000063260003500133300001100168230623b xxu||||| |||| 00| 0 eng d a330.96bCSAE 2002 aCentre for the Study of African Economies bResearch Summary 2002 aUKbUniversity of Oxfordc2002 aVI,78p